El Derecho de Audiencia en la doctrina legal del Consejo de Estado

Bibliographic Details
Main Author: Quintanilla Navarro, Myriam
Format: Book
Language:Spanish
Published: Madrid : Dykinson, cop. 2007
Series:Ciencias jurd̕icas y sociales ; 67
Subjects:
Online Access:Acceso restringido

MARC

LEADER 00000nam a2200000 a 4500
005 20120112151352.0
007 cr|||| ||||
008 091211s2007 sp |||| |||||0|| 0 spa|c
020 |a 9788498490176 
035 |a 2215 
040 |d vLex 
090 |c 2919  |d 2919 
100 1 |a Quintanilla Navarro, Myriam 
245 1 3 |a El Derecho de Audiencia en la doctrina legal del Consejo de Estado   |h [Recurso electrn̤ico] /  |c Myriam Quintanilla Navarro  
256 |a Servicio en ln̕ea 
260 |a Madrid :  |b Dykinson,  |c cop. 2007 
300 |a 1 recurso electrn̤ico 
500 |a La presente obra constituye un estudio en profundidad del derecho de audiencia como garanta̕ del ciudadano frente a la Administracin̤, esencial en un Estado de Derecho como el que consagra la Constitucin̤ Espaǫla de 1978. 
506 1 |a Contenido solo disponible en los productos indicados  |d vLex Global   |d vLex Global (Academic Edition, excluding Law Schools)   |d vLex Global (U.S. Academic Edition, Law Schools)   |d vLex Global (U.S. Academic Edition, excluding Law Schools)   |d vLex Global (Academic Edition, Law Schools)  
650 4 |a Procedimiento administrativo  |z Espaą 
650 4 |a Administracin̤ local  |z Espaą  |x Participacin̤ ciudadana 
740 0 |a vLex Libros (Servicio en ln̕ea) 
830 0 |a Ciencias jurd̕icas y sociales ;  |v 67 
856 4 1 |z Acceso restringido  |u http://vlex.com/source/doctrina-legal-consejo-de-estado-derecho-de-audiencia-2215 
942 |c BOOK 
999 0 |a  Administrative procedure 
999 0 |a Administrative law